000 00512cam a2200169 4500500
005 20260329001453.0
041 _afre
042 _adc
100 1 0 _aRogers, Richard
_eauthor
245 0 0 _aCirculez, tout est à voir
260 _c2007.
500 _a12
690 _aBeaubourg
690 _aJean Baudrillard
786 0 _nPhilosophie magazine | 9 | 5 | 2007-05-01 | p. 53-53 | 1951-1787
856 4 1 _uhttps://shs.cairn.info/magazine-philosophie-magazine-2007-5-page-53?lang=fr&redirect-ssocas=7080
999 _c1805698
_d1805698